000 01024nam a2200277 4500
001 12967
003 ES-MaACL
005 20251009181452.0
007 t|
008 000000s1980 sp ||||0| spa d
016 7 _z05535967
020 _a84-7483-066-4
040 _aIBH
_bspa
_cM-BN-DP
080 _a347.464.8(083.8)
245 0 4 _aLas rentas vitalicias en el siglo XVIII
_b: inventario /
_cpor Antonio Matilla Tascón.
260 _aMadrid :
_bMinisterio de Cultura, Dirección General del Patrimonio Artístico, Archivos y Museos, Subdirección General de Archivo,
_cD.L. 1980.
300 _a214 p. ;
_c24 cm.
500 _aIndice.
504 _aBibliografía.
650 1 4 _aRenta vitalicia-
_zEspaña-
_yS.XVIII-
_vInventarios.
_916847
700 1 _aMatilla Tascón, Antonio,
_d1914-2001
_979079
710 1 _aEspaña.
_bSubdirección General de Archivos
_93990
710 2 _aArchivo Histórico de Protocolos de Madrid.
_91443
852 _aES-MaACL
_jL-20270
_bR.123369
999 _c12967
_d12967